[Event "Tournament 14471 - Europe Echecs"]
[Site "Europe Echecs"]
[Date "2020.07.09"]
[Round "5"]
[Time "16:05:20"]
[PlyCount "117"]
[White "BelghoulMeyer"]
[Black "MateriaMatteo"]
[WhiteElo "1371"]
[BlackElo "1595"]
[Mode "WEB"]
[Result "0-1"]

1. e4 e5 2. Nf3 Nc6 3. d4 exd4 4. Bc4 Nf6 5. e5 d5 6. Bb5 Ne4 7. Nxd4 Bc5 8. O-O
O-O 9. Bxc6 bxc6 10. Nxc6 Qe8 11. Qxd5 Bb7 12. Qxe4 Bxc6 13. Qe2 Rb8 14. Kh1 Qe6
15. Re1 Rb4 16. f4 Re4 17. Qd2 Rxe1+ 18. Qxe1 Rd8 19. Bd2 Bb6 20. Nc3 Qh3 21.
Ne4 Qf5 22. Qh4 Rd4 23. Ng5 Rxd2 24. Nf3 Bxf3 25. gxf3 Qxc2 26. Re1 Rd1 27. Rxd1
Qxd1+ 28. Kg2 Qe2+ 29. Kh3 Qxf3+ 30. Qg3 Qxg3+ 31. hxg3 Kf8 32. Kg4 g6 33. Kg5
Kg7 34. f5 h6+ 35. Kf4 gxf5 36. Kxf5 Bd4 37. b3 a5 38. Ke4 c5 39. Kf5 Bf2 40. g4
Be3 41. Ke4 Bd4 42. Kf5 Bc3 43. e6 fxe6+ 44. Kxe6 Kg6 45. Kd5 Bd4 46. Ke4 Kg5
47. Kf3 Bb2 48. Kg3 Be5+ 49. Kf3 Bc7 50. Kg2 Kxg4 51. a4 h5 52. Kg1 h4 53. Kg2
h3+ 54. Kg1 h2+ 55. Kg2 Kf5 56. Kh1 Ke4 57. Kg2 Kd3 58. Kh1 Kc3 {BelghoulMeyer a abandonné} 0-1

[Event "Tournament 14471 - Europe Echecs"]
[Site "Europe Echecs"]
[Date "2020.07.09"]
[Round "5"]
[Time "16:05:20"]
[PlyCount "56"]
[White "MoellerJoshua"]
[Black "MeyssirelTom"]
[WhiteElo "1486"]
[BlackElo "1333"]
[Mode "WEB"]
[Result "0-1"]

1. d4 Nf6 2. c4 e6 3. Nf3 d5 4. cxd5 exd5 5. Bg5 Be7 6. Nc3 c6 7. e3 h6 8. Bf4
Bf5 9. Bd3 Bxd3 10. Qxd3 O-O 11. O-O Bd6 12. Bxd6 Qxd6 13. Na4 b6 14. a3 Rd8 15.
Ne5 Nbd7 16. f4 c5 17. dxc5 bxc5 18. Nc4 Qc6 19. Na5 Qxa4 20. Qa6 Qe4 21. Nc6
Qe6 22. f5 Qd6 23. e4 Rdc8 24. exd5 Nxd5 25. Ne7+ Qxe7 26. Rad1 N7f6 27. Rfe1
Qc7 28. Re6 {MoellerJoshua a abandonné} 0-1

[Event "Tournament 14471 - Europe Echecs"]
[Site "Europe Echecs"]
[Date "2020.07.09"]
[Round "5"]
[Time "16:05:20"]
[PlyCount "70"]
[White "RavenelTangi"]
[Black "BaderAntoine"]
[WhiteElo "1463"]
[BlackElo "1330"]
[Mode "WEB"]
[Result "1-0"]

1. c4 e5 2. g3 d5 3. Bg2 dxc4 4. Qa4+ Bd7 5. Qxc4 Nc6 6. d3 Qf6 7. Nf3 Bb4+ 8.
Bd2 Bxd2+ 9. Nbxd2 Nge7 10. O-O O-O 11. Ne4 Qe6 12. Qc3 Nd5 13. Qc2 Ndb4 14. Qd2
Nxa2 15. Nc5 Qd5 16. Nxd7 Rfd8 17. Nfxe5 Qe6 18. Nxc6 bxc6 19. Nc5 Qe5 20. Ne4
Qe6 21. Qa5 Rab8 22. Qxa2 Qe5 23. Nc3 Rb7 24. Bxc6 Rb6 25. Bg2 Rdb8 26. Qxa7
Rxb2 27. Ne4 c6 28. Nc5 Qxe2 29. Nd7 R2b7 30. Qxb7 Re8 31. Ra8 h6 32. Rxe8+ Qxe8
33. Rb1 Kh7 34. Be4+ g6 35. Nf6+ {BaderAntoine a abandonné} 1-0

[Event "Tournament 14471 - Europe Echecs"]
[Site "Europe Echecs"]
[Date "2020.07.09"]
[Round "5"]
[Time "16:05:20"]
[PlyCount "43"]
[White "BocheMathis"]
[Black "BerthouJules"]
[WhiteElo "1099"]
[BlackElo "1390"]
[Mode "WEB"]
[Result "0-1"]

1. d4 f5 2. Nf3 Nf6 3. Bf4 g6 4. e3 Bg7 5. Be2 d6 6. c4 O-O 7. O-O Nc6 8. Nbd2
Re8 9. Bg5 e5 10. dxe5 dxe5 11. b3 e4 12. Ne1 h6 13. Bxf6 Qxf6 14. Rb1 Be6 15.
Nc2 Rad8 16. Qc1 Qc3 17. Rd1 Rd7 18. Nf1 Red8 19. Rxd7 Rxd7 20. Na3 Qxc1 21.
Rxc1 Bb2 {BocheMathis a abandonné} 0-1

[Event "Tournament 14471 - Europe Echecs"]
[Site "Europe Echecs"]
[Date "2020.07.09"]
[Round "5"]
[Time "16:05:20"]
[PlyCount "28"]
[White "BrehautCarl"]
[Black "OumerWalid"]
[WhiteElo "1960"]
[BlackElo "1365"]
[Mode "WEB"]
[Result "1-0"]

1. d4 Nf6 2. c4 e6 3. Nf3 d5 4. g3 dxc4 5. Bg2 Be7 6. O-O Rg8 7. Ne5 Nbd7 8.
Nxc4 c5 9. dxc5 Nxc5 10. Nc3 a6 11. Bf4 Kf8 12. Qxd8+ Bxd8 13. Rad1 Be7 14. Nb6 {OumerWalid a abandonné} 1-0

[Event "Tournament 14471 - Europe Echecs"]
[Site "Europe Echecs"]
[Date "2020.07.09"]
[Round "5"]
[Time "16:05:20"]
[PlyCount "137"]
[White "HammGabrielle"]
[Black "DimeyGabertQue"]
[WhiteElo "1359"]
[BlackElo "1758"]
[Mode "WEB"]
[Result "0-1"]

1. e4 c5 2. Nf3 Nc6 3. Bb5 g6 4. c3 Bg7 5. d4 Nf6 6. Nbd2 O-O 7. O-O cxd4 8.
cxd4 d6 9. Re1 Nd7 10. Nc4 a6 11. Bxc6 bxc6 12. Be3 Rb8 13. b3 c5 14. Rc1 cxd4
15. Bxd4 Bb7 16. Bxg7 Kxg7 17. Nd4 Nf6 18. f3 Nd7 19. Qe2 Nc5 20. Red1 a5 21.
Qb2 Kg8 22. Qc2 Ba6 23. a3 Bxc4 24. Qxc4 Qb6 25. Rb1 Rfc8 26. Qe2 Ne6 27. Qd2
Rc7 28. Kh1 Nxd4 29. Qxd4 Qxd4 30. Rxd4 Rc3 31. Kg1 Rcxb3 32. Rxb3 Rxb3 33. Ra4
Rb5 34. Kf2 Kg7 35. Ke3 f6 36. Kd4 e5+ 37. Kc3 Kf7 38. Kc4 Rc5+ 39. Kb3 Ke7 40.
Rc4 Rb5+ 41. Ka4 Rb2 42. Kxa5 Rxg2 43. Rc7+ Ke6 44. Rxh7 Rf2 45. Rh3 f5 46. Kb5
d5 47. exd5+ Kxd5 48. Rh8 Rxf3 49. Rd8+ Ke4 50. a4 Ra3 51. a5 f4 52. Kb6 f3 53.
a6 f2 54. Rf8 Ke3 55. Kb7 Ke2 56. a7 f1=Q 57. Rxf1 Kxf1 58. a8=Q Rxa8 59. Kxa8
e4 60. Kb7 e3 61. Kc6 e2 62. Kd5 e1=Q 63. Kd4 Qf2+ 64. Kd3 Qxh2 65. Ke4 g5 66.
Kf3 Qf2+ 67. Kg4 Qf4+ 68. Kh3 Qh4# {HammGabrielle est échec et mat} 0-1

[Event "Tournament 14471 - Europe Echecs"]
[Site "Europe Echecs"]
[Date "2020.07.09"]
[Round "5"]
[Time "16:05:20"]
[PlyCount "67"]
[White "FalipMoralesTo"]
[Black "GrimaultLeane"]
[WhiteElo "1344"]
[BlackElo "1622"]
[Mode "WEB"]
[Result "0-1"]

1. e4 d5 2. exd5 Qxd5 3. Nc3 Qa5 4. d4 Nf6 5. Bd2 Bg4 6. Be2 Bxe2 7. Qxe2 Nc6 8.
Ne4 Qb6 9. Nxf6+ gxf6 10. Nf3 Nxd4 11. Nxd4 Qxd4 12. O-O-O O-O-O 13. Bh6 Bxh6+
14. Kb1 Qc5 15. Qf3 Kb8 16. Qh3 Bd2 17. Qg3 Rhg8 18. Rxd2 a6 19. Rxd8+ Rxd8 20.
Qf3 Rd2 21. Qb3 Rxf2 22. Rc1 Rxg2 23. Qxf7 Rxh2 24. Ka1 Rxc2 25. Rb1 h5 26. Qg8+
Ka7 27. Qg3 Qf2 28. Qh3 h4 29. Rf1 Qg3 30. Qd7 h3 31. Qd4+ b6 32. Qa4 Rf2 33.
Rc1 Qg2 {FalipMoralesTo a perdu au temps} 0-1

[Event "Tournament 14471 - Europe Echecs"]
[Site "Europe Echecs"]
[Date "2020.07.09"]
[Round "5"]
[Time "16:05:20"]
[PlyCount "94"]
[White "KorchalovskiiM"]
[Black "BeaurainYanis"]
[WhiteElo "1593"]
[BlackElo "1342"]
[Mode "WEB"]
[Result "1-0"]

1. d4 Nf6 2. c4 g6 3. Nc3 Bg7 4. e4 d6 5. Be2 O-O 6. Nf3 Nbd7 7. O-O c6 8. d5 c5
9. a3 a5 10. Qc2 Nb6 11. Qb3 Qc7 12. Nb5 Qd8 13. Bd3 Bd7 14. a4 Bxb5 15. Qxb5
Qc7 16. Bd2 Nbd7 17. Bc3 Ra6 18. Qb3 Rb6 19. Qc2 Re8 20. Bxa5 Rxb2 21. Qxb2 Qxa5
22. Qd2 Qc7 23. Rab1 e6 24. Qb2 Rb8 25. Qb5 exd5 26. exd5 b6 27. Rfe1 Ng4 28.
Re7 Rd8 29. h3 Bf6 30. Ree1 Nge5 31. Nxe5 Bxe5 32. g3 Nf6 33. f4 Bd4+ 34. Kg2
Bc3 35. Re2 Rb8 36. Rc2 Bd4 37. a5 Qe7 38. Re2 Qc7 39. axb6 Qb7 40. Qc6 Qxc6 41.
dxc6 Ne8 42. c7 Nxc7 43. bxc7 Rxb1 44. Bxb1 Be3 45. c8=Q+ Kg7 46. Rxe3 Kf6 47.
Qh8# {BeaurainYanis est échec et mat} 1-0

[Event "Tournament 14471 - Europe Echecs"]
[Site "Europe Echecs"]
[Date "2020.07.09"]
[Round "5"]
[Time "16:05:20"]
[PlyCount "113"]
[White "GabinoKarl"]
[Black "LalondeHugo"]
[WhiteElo "1331"]
[BlackElo "1590"]
[Mode "WEB"]
[Result "0-1"]

1. e4 d5 2. exd5 Qxd5 3. Nc3 Qd8 4. d4 Nf6 5. Nf3 Bg4 6. Be2 e6 7. O-O Be7 8.
Bf4 O-O 9. Rc1 c6 10. Nb1 Nbd7 11. c4 Nh5 12. Bg3 Nxg3 13. hxg3 Nb6 14. Re1 Bb4
15. Rf1 Qf6 16. a3 Be7 17. Nbd2 Bxf3 18. Nxf3 Rfd8 19. Rc2 c5 20. Rd2 cxd4 21.
Nxd4 Bc5 22. Nb3 Rxd2 23. Qxd2 Rd8 24. Qc2 Bd4 25. Nxd4 Rxd4 26. Rd1 g6 27. Rxd4
Qxd4 28. Kf1 Nd7 29. Bf3 b6 30. Be4 Nc5 31. Bf3 Nd3 32. b4 Kg7 33. Kg1 h6 34.
Bd1 Qe4 35. Be2 Qxg2+ 36. Kxg2 Ne1+ 37. Kf1 Nxc2 38. c5 bxc5 39. bxc5 Nd4 40.
Ba6 e5 41. Bb7 Ne6 42. c6 Kf6 43. Ke2 Ke7 44. Kd3 Kd6 45. Kc4 Nd8 46. Kb5 Kc7
47. Ba8 f5 48. Ka6 Nxc6 49. Bxc6 Kxc6 50. Kxa7 Kb5 51. Kb7 g5 52. Kc7 f4 53.
gxf4 gxf4 54. Kd6 e4 55. Ke5 e3 56. fxe3 fxe3 {GabinoKarl a abandonné} 0-1

[Event "Tournament 14471 - Europe Echecs"]
[Site "Europe Echecs"]
[Date "2020.07.09"]
[Round "5"]
[Time "16:05:20"]
[PlyCount "21"]
[White "CeroniArnaud"]
[Black "CostaSavelliTh"]
[WhiteElo "1471"]
[BlackElo "1315"]
[Mode "WEB"]
[Result "0-1"]

1. Nf3 Nc6 2. d4 d5 3. Bf4 Bf5 4. e3 a6 5. c4 Nf6 6. Nc3 e6 7. Qb3 Nb4 8. cxd5
Nc2+ 9. Kd2 Nxa1 10. Qa4+ Qd7 {CeroniArnaud a abandonné} 0-1

[Event "Tournament 14471 - Europe Echecs"]
[Site "Europe Echecs"]
[Date "2020.07.09"]
[Round "5"]
[Time "16:05:20"]
[PlyCount "83"]
[White "ZaninClement"]
[Black "BagAyoub"]
[WhiteElo "1327"]
[BlackElo "1467"]
[Mode "WEB"]
[Result "0-1"]

1. e4 e6 2. d4 d5 3. exd5 exd5 4. Bd3 Bd6 5. Ne2 Ne7 6. Bf4 Bxf4 7. Nxf4 O-O 8.
O-O Bf5 9. Bxf5 Nxf5 10. Nc3 c6 11. Qg4 Ne7 12. Nh5 Ng6 13. Rfe1 Nd7 14. Re3 Nf6
15. Nxf6+ Qxf6 16. Rf3 Qd6 17. Rf1 Rfe8 18. Qf5 Re7 19. h3 Nh4 20. Qf4 Nxf3+ 21.
Qxf3 Rae8 22. Qd1 Re6 23. f4 f5 24. Qd2 g6 25. Kh2 Kg7 26. Na4 b6 27. Nc3 b5 28.
a3 a5 29. Qd3 Re1 30. Rf3 R1e4 31. Rg3 Rxf4 32. Ne2 Rfe4 33. Nc3 h5 34. Nxe4
dxe4 35. Qf1 h4 36. Kh1 Qxg3 37. c4 e3 38. cxb5 e2 39. Qg1 e1=Q 40. bxc6 Qxg1+
41. Kxg1 Re1# {ZaninClement est échec et mat} 0-1

[Event "Tournament 14471 - Europe Echecs"]
[Site "Europe Echecs"]
[Date "2020.07.09"]
[Round "5"]
[Time "16:05:20"]
[PlyCount "76"]
[White "ThibousMathis"]
[Black "NezosiConstant"]
[WhiteElo "1313"]
[BlackElo "1458"]
[Mode "WEB"]
[Result "1-0"]

1. c4 Nf6 2. Nc3 g6 3. g3 Bg7 4. Bg2 d6 5. d4 Bf5 6. Bxb7 Nbd7 7. Bxa8 Qxa8 8.
f3 O-O 9. e4 Be6 10. d5 Nh5 11. dxe6 fxe6 12. Be3 Qb7 13. Qb3 Qc6 14. Qb5 Qxb5
15. cxb5 Ne5 16. Ke2 Nc4 17. Rb1 Nxb2 18. Rxb2 Bxc3 19. Rc2 Ba5 20. Bxa7 d5 21.
e5 Ra8 22. Bd4 Rb8 23. a4 Ng7 24. g4 h5 25. Nh3 Rf8 26. Rhc1 Rf7 27. Rxc7 Bxc7
28. Rxc7 hxg4 29. fxg4 Ne8 30. Rc8 Kf8 31. b6 Rh7 32. b7 Rxh3 33. b8=Q Kg7 34.
Rxe8 Ra3 35. Rxe7+ Kh6 36. Be3+ g5 37. Qh8+ Kg6 38. Qg7# {NezosiConstant est échec et mat} 1-0

[Event "Tournament 14471 - Europe Echecs"]
[Site "Europe Echecs"]
[Date "2020.07.09"]
[Round "5"]
[Time "16:05:20"]
[PlyCount "150"]
[White "PoussetRaphael"]
[Black "BourdelClement"]
[WhiteElo "1452"]
[BlackElo "1308"]
[Mode "WEB"]
[Result "1-0"]

1. d4 d5 2. c4 e6 3. Nc3 Nf6 4. Bg5 Bb4 5. a3 Bxc3+ 6. bxc3 O-O 7. Nf3 Nbd7 8.
e3 b6 9. Bd3 Bb7 10. O-O c5 11. Qc2 Qc7 12. Rac1 Qd6 13. Qb3 Rab8 14. Bf4 Qc6
15. Bxb8 Rxb8 16. cxd5 Nxd5 17. Bb5 Qd6 18. Bxd7 Qxd7 19. Rfd1 Qc7 20. c4 Nf6
21. d5 exd5 22. cxd5 Qd7 23. h3 Bxd5 24. Ne5 Qe6 25. Qc3 Ne4 26. Qd3 Nf6 27. Nc4
h6 28. f3 b5 29. Nb2 Bb3 30. Rd2 c4 31. Qc3 Nd5 32. Qd4 Qxe3+ 33. Qxe3 Nxe3 34.
Kf2 Nf5 35. g4 Nh4 36. Ke3 Kh7 37. f4 Kg6 38. Rd6+ Kh7 39. Rd7 Ra8 40. Rxf7 c3
41. Rb7 cxb2 42. Rb1 Bc4 43. Rxb2 a6 44. Rd2 a5 45. Rdd7 Re8+ 46. Kd4 Nf3+ 47.
Kc5 Rg8 48. a4 Rc8+ 49. Kb6 Be6 50. Rxg7+ Kh8 51. Kxb5 Nd4+ 52. Kxa5 Nc6+ 53.
Kb6 Nb4 54. Rh7+ Kg8 55. Rxh6 Rc6+ 56. Ka7 Ra6+ 57. Kb8 Nc6+ 58. Kc7 Bd5 59.
Rg6+ Kf7 60. Rd6 Nb4 61. Kb8+ Ke8 62. Rbb6 Ra8+ 63. Kc7 Rxa4 64. Rxb4 Rxb4 65.
Rxd5 Rb3 66. Re5+ Kf7 67. h4 Rg3 68. g5 Rh3 69. f5 Rxh4 70. Kd6 Rh5 71. Re7+ Kf8
72. Ke6 Rxg5 73. Rf7+ Ke8 74. Ra7 Kf8 75. Kf6 {BourdelClement a abandonné} 1-0

[Event "Tournament 14471 - Europe Echecs"]
[Site "Europe Echecs"]
[Date "2020.07.09"]
[Round "5"]
[Time "16:05:20"]
[PlyCount "144"]
[White "ChalonMaceo"]
[Black "CastagnerolAmb"]
[WhiteElo "1280"]
[BlackElo "1451"]
[Mode "WEB"]
[Result "1/2-1/2"]

1. e4 e6 2. d3 d5 3. Nd2 Nf6 4. Ngf3 c5 5. g3 Nc6 6. Bg2 Be7 7. O-O O-O 8. Re1
Re8 9. e5 Nd7 10. Nf1 f6 11. exf6 Nxf6 12. h4 Bd7 13. N1h2 Rc8 14. Ng5 Bf8 15.
Bh3 e5 16. Bxd7 Qxd7 17. Ngf3 Bd6 18. Bg5 Qf7 19. Bxf6 Qxf6 20. Ng4 Qg6 21. Ne3
d4 22. Nc4 Qf6 23. Nxd6 Qxd6 24. Qe2 h6 25. a3 a5 26. Qe4 Rcd8 27. h5 Qd5 28.
Qxd5+ Rxd5 29. Nh4 Ne7 30. Re4 Kh7 31. Rae1 Ng8 32. f4 Nf6 33. Rxe5 Rdxe5 34.
Rxe5 Rxe5 35. fxe5 Nxh5 36. Kg2 g5 37. Nf5 Kg6 38. Nd6 b6 39. Nc4 Kf5 40. Kf3
g4+ 41. Kf2 b5 42. Nxa5 Kxe5 43. Nb7 Kd5 44. Nd8 Nf6 45. Nf7 h5 46. Nh6 c4 47.
dxc4+ Kxc4 48. Nf5 d3 49. cxd3+ Kxd3 50. Nd6 Ne4+ 51. Nxe4 Kxe4 52. Ke2 Kd4 53.
b3 Kc3 54. a4 bxa4 55. bxa4 Kb4 56. a5 Kxa5 57. Ke3 Kb5 58. Kf4 Kc5 59. Kg5 Kd5
60. Kxh5 Ke5 61. Kxg4 Kf6 62. Kf4 Kg6 63. Kg4 Kf6 64. Kh5 Kg7 65. Kg5 Kh7 66.
Kh5 Kg7 67. g4 Kh7 68. g5 Kg7 69. g6 Kg8 70. Kh6 Kh8 71. g7+ Kg8 72. Kg6 {Nulle par pat} 1/2-1/2

[Event "Tournament 14471 - Europe Echecs"]
[Site "Europe Echecs"]
[Date "2020.07.09"]
[Round "5"]
[Time "16:05:20"]
[PlyCount "120"]
[White "GalimovAskar"]
[Black "MendozaMael"]
[WhiteElo "1278"]
[BlackElo "1451"]
[Mode "WEB"]
[Result "1-0"]

1. d4 Nf6 2. Nf3 e6 3. Bg5 d5 4. e3 h6 5. Bh4 c5 6. c3 Nc6 7. Nbd2 cxd4 8. exd4
Be7 9. Bg3 a6 10. Bd3 O-O 11. O-O b5 12. a4 b4 13. Re1 a5 14. Ne5 Nxe5 15. dxe5
Nd7 16. Qc2 Bb7 17. c4 Rc8 18. b3 dxc4 19. Nxc4 Nb6 20. Qe2 Nxc4 21. Bxc4 Qb6
22. Rad1 Qc6 23. f3 Bc5+ 24. Kh1 Rfd8 25. Rxd8+ Rxd8 26. Rd1 Qc7 27. Bh4 g5 28.
Bg3 Kg7 29. Rd3 Bd4 30. Qd2 Qc5 31. Bf2 Bxf2 32. Rxd8 Be3 33. Qe2 Qxe5 34. Rd3
Bf4 35. Qxe5+ Bxe5 36. Kg1 Kf6 37. Rd7 Bc6 38. Rd8 Ke7 39. Rc8 Bb7 40. Rg8 f5
41. Rg6 Bd5 42. Bxd5 exd5 43. Rxh6 d4 44. Kf2 f4 45. Ke2 Bg7 46. Rg6 Bf6 47. Rh6
Ke6 48. Kd3 Kf7 49. Rxf6+ Kxf6 50. Kxd4 Kf5 51. Kc5 g4 52. fxg4+ Kxg4 53. Kb5
Kf5 54. Kxa5 Ke4 55. Kb6 Ke3 56. a5 Ke2 57. a6 Kf2 58. a7 Kxg2 59. a8=Q+ Kxh2
60. Qf3 {MendozaMael a abandonné} 1-0

[Event "Tournament 14471 - Europe Echecs"]
[Site "Europe Echecs"]
[Date "2020.07.09"]
[Round "5"]
[Time "16:05:20"]
[PlyCount "45"]
[White "YaghiLeen"]
[Black "LhostisLucie"]
[WhiteElo "1438"]
[BlackElo "1265"]
[Mode "WEB"]
[Result "0-1"]

1. e4 e5 2. Nf3 Nc6 3. d4 exd4 4. Nxd4 Bc5 5. Be3 Qf6 6. c3 Nge7 7. Bc4 O-O 8.
O-O d6 9. Re1 Re8 10. Be2 Nxd4 11. Bxd4 Bxd4 12. cxd4 Nc6 13. d5 Qxb2 14. dxc6
Qxa1 15. Bc4 bxc6 16. Qb3 Qf6 17. Qd3 d5 18. Bb3 dxe4 19. Rxe4 Rxe4 20. Qxe4 Be6
21. Qxc6 Qd8 22. Bxe6 Qd1# {YaghiLeen est échec et mat} 0-1

[Event "Tournament 14471 - Europe Echecs"]
[Site "Europe Echecs"]
[Date "2020.07.09"]
[Round "5"]
[Time "16:05:20"]
[PlyCount "89"]
[White "CombaudonCypri"]
[Black "DarrortNahia"]
[WhiteElo "1437"]
[BlackElo "1263"]
[Mode "WEB"]
[Result "0-1"]

1. e4 c5 2. Nf3 d6 3. d4 cxd4 4. Nxd4 Nf6 5. Nc3 g6 6. Be3 Bg7 7. Bc4 Nc6 8. O-O
O-O 9. a4 Ng4 10. Nxc6 bxc6 11. Bd4 e5 12. Be3 Nxe3 13. fxe3 Be6 14. Bxe6 fxe6
15. Qg4 Qe7 16. Rad1 Rad8 17. Rd2 Rxf1+ 18. Kxf1 Rf8+ 19. Kg1 Qf7 20. Qe2 d5 21.
exd5 exd5 22. Rd1 e4 23. Rf1 Qe7 24. Nd1 Rxf1+ 25. Qxf1 Qf7 26. b3 Qe7 27. Nf2
Qc5 28. Qe2 Bh6 29. Ng4 Bg7 30. Qf2 h5 31. Nf6+ Bxf6 32. Qxf6 Qxe3+ 33. Qf2
Qxf2+ 34. Kxf2 Kf7 35. Ke3 Ke6 36. Kd4 Kd6 37. c4 c5+ 38. Ke3 Ke5 39. cxd5 Kxd5
40. g3 Ke5 41. h3 g5 42. a5 a6 43. h4 g4 44. Ke2 Kd4 {CombaudonCypri a perdu au temps} 0-1

[Event "Tournament 14471 - Europe Echecs"]
[Site "Europe Echecs"]
[Date "2020.07.09"]
[Round "5"]
[Time "16:05:20"]
[PlyCount "89"]
[White "FraileLucas"]
[Black "ChevillonCelia"]
[WhiteElo "1276"]
[BlackElo "1433"]
[Mode "WEB"]
[Result "0-1"]

1. e4 e5 2. Bc4 Nf6 3. d4 exd4 4. Nf3 Bc5 5. O-O O-O 6. Bg5 h6 7. Bh4 Be7 8.
Bxf6 Bxf6 9. e5 Be7 10. Qxd4 d6 11. exd6 Bxd6 12. Nc3 Nc6 13. Qd2 Bg4 14. Be2
Bxf3 15. Bxf3 Bxh2+ 16. Kxh2 Qxd2 17. Be4 Qf4+ 18. g3 Qf6 19. Rab1 Rfe8 20. Bg2
Rad8 21. Nd5 Qg6 22. c4 Rd7 23. Nf4 Qc2 24. Bd5 Red8 25. Kg1 Nb4 26. Rfc1 Qh7
27. Bxb7 Nxa2 28. Re1 Nb4 29. Be4 g6 30. Ra1 Qg7 31. b3 Re7 32. Ra4 c5 33. Re3
Rde8 34. Bg2 Rxe3 35. fxe3 Rxe3 36. Rxa7 Rxg3 37. Kh2 Rxb3 38. Ra8+ Kh7 39. Nd5
Nxd5 40. Bxd5 Rb2+ 41. Kg3 Rb3+ 42. Kh2 Qe5+ 43. Kg2 Qe2+ 44. Kh1 Rb1# {FraileLucas est échec et mat} 0-1

[Event "Tournament 14471 - Europe Echecs"]
[Site "Europe Echecs"]
[Date "2020.07.09"]
[Round "5"]
[Time "16:05:20"]
[PlyCount "101"]
[White "DelageKenael"]
[Black "BeurierNathan"]
[WhiteElo "1223"]
[BlackElo "1429"]
[Mode "WEB"]
[Result "0-1"]

1. e4 e5 2. Nf3 Nc6 3. d4 exd4 4. Nxd4 Qf6 5. Be3 Bc5 6. c3 Nxd4 7. Bxd4 Bxd4 8.
cxd4 d6 9. Bc4 Be6 10. d5 Bd7 11. Nc3 Qe7 12. O-O Nf6 13. Re1 O-O 14. Qb3 b6 15.
Rad1 Rfe8 16. Rd4 Qe5 17. Qd1 a6 18. Qd2 b5 19. Bb3 Qh5 20. Qf4 Qg6 21. g3 Bh3
22. Bc2 Nh5 23. Qh4 Qg4 24. Qxg4 Bxg4 25. Kg2 Nf6 26. f3 Bh5 27. f4 Re7 28. e5
dxe5 29. fxe5 Nd7 30. Rde4 Bg6 31. R4e2 Bxc2 32. Rxc2 Rxe5 33. Rxe5 Nxe5 34. Ne4
Rc8 35. Nd6 Rd8 36. Rxc7 f6 37. Rc6 Nxc6 38. dxc6 Rxd6 39. c7 Rc6 40. Kf3 Rxc7
41. Ke4 Rc2 42. Kd5 Kf7 43. h4 Rxb2 44. a3 Rb3 45. g4 Rxa3 46. Kc5 Ra4 47. g5
Rxh4 48. gxf6 Kxf6 49. Kb6 b4 50. Kxa6 b3 {DelageKenael a abandonné} 0-1

[Event "Tournament 14471 - Europe Echecs"]
[Site "Europe Echecs"]
[Date "2020.07.09"]
[Round "5"]
[Time "16:05:20"]
[PlyCount "100"]
[White "SivasankaranSa"]
[Black "PiquardYarosla"]
[WhiteElo "1216"]
[BlackElo "1415"]
[Mode "WEB"]
[Result "1-0"]

1. e4 c6 2. d4 d5 3. exd5 cxd5 4. Bd3 Nf6 5. Nf3 Bg4 6. h3 Bxf3 7. Qxf3 e6 8. c3
Nbd7 9. O-O Bd6 10. Bf4 Qc7 11. Bxd6 Qxd6 12. Nd2 a6 13. Rfe1 O-O 14. Nf1 b5 15.
Ng3 b4 16. Nh5 Nxh5 17. Qxh5 Nf6 18. Qf3 bxc3 19. bxc3 Rfc8 20. a3 Rc6 21. g4 g6
22. Qxf6 Rxc3 23. Bf1 Rxa3 24. Rxa3 Qxa3 25. Bg2 Qc3 26. Qe5 a5 27. f4 a4 28.
Qe3 Qc2 29. f5 exf5 30. Bxd5 Rd8 31. Bxf7+ Kg7 32. Qe5+ Kh6 33. g5+ Kh5 34. Qg7
Kxg5 35. Qxh7 Rxd4 36. Qxg6+ Kh4 37. Qh5+ Kg3 38. Re3+ Kf4 39. Rf3+ Ke5 40. Qh8+
Ke4 41. Qa8+ Ke5 42. Qe8+ Kf6 43. Qe6+ Kg7 44. Rg3+ Rg4 45. hxg4 Qc1+ 46. Kh2
Qd2+ 47. Kh3 fxg4+ 48. Kxg4 Qd4+ 49. Kf5+ Kh8 50. Qh6# {PiquardYarosla est échec et mat} 1-0

[Event "Tournament 14471 - Europe Echecs"]
[Site "Europe Echecs"]
[Date "2020.07.09"]
[Round "5"]
[Time "16:05:20"]
[PlyCount "111"]
[White "PernotMael"]
[Black "PeyquetMaelys"]
[WhiteElo "1407"]
[BlackElo "1257"]
[Mode "WEB"]
[Result "0-1"]

1. e4 d5 2. exd5 Nf6 3. Nc3 Nxd5 4. Nxd5 Qxd5 5. Nf3 Bg4 6. Be2 Qh5 7. d3 Nc6 8.
Ng1 Bxe2 9. Qxe2 Qd5 10. Nf3 O-O-O 11. Be3 e5 12. O-O Rg8 13. Rfd1 h6 14. a4 g5
15. h3 g4 16. hxg4 e4 17. dxe4 Qxe4 18. Rxd8+ Kxd8 19. Rd1+ Kc8 20. g5 hxg5 21.
Qd2 Bd6 22. Bxg5 Qg6 23. g3 f6 24. Bf4 Bxf4 25. Qxf4 Rf8 26. Rd2 Rd8 27. Rxd8+
Kxd8 28. Qd2+ Kc8 29. Qd3 Qg4 30. Nh2 Qb4 31. Qf5+ Kd8 32. Qxf6+ Ne7 33. Qf8+
Kd7 34. Qf4 Qxb2 35. Qd2+ Ke8 36. Ng4 Qa1+ 37. Kg2 Qxa4 38. Nf6+ Kf7 39. Nh5
Qc6+ 40. Kg1 Qd5 41. Qf4+ Qf5 42. Qc4+ Kf8 43. Nf4 Qd7 44. Ne6+ Ke8 45. Nxc7+
Kd8 46. Ne6+ Ke8 47. Ng7+ Kf8 48. Ne6+ Ke8 49. Qg4 Kf7 50. Ng5+ Ke8 51. Qh5+ Kd8
52. Nf7+ Kc7 53. Qc5+ Nc6 54. Ne5 Qe7 55. Nxc6 Qxc5 {PernotMael a abandonné} 0-1

[Event "Tournament 14471 - Europe Echecs"]
[Site "Europe Echecs"]
[Date "2020.07.09"]
[Round "5"]
[Time "16:05:20"]
[PlyCount "119"]
[White "BassingCassand"]
[Black "GhazaryanGurge"]
[WhiteElo "1191"]
[BlackElo "1403"]
[Mode "WEB"]
[Result "0-1"]

1. e4 c5 2. f4 d6 3. Nc3 Nf6 4. d3 g6 5. Be3 Bg7 6. Qd2 Nc6 7. Nf3 Ng4 8. Be2
Nxe3 9. Qxe3 Qa5 10. e5 O-O 11. O-O Qc7 12. Nd5 Qd7 13. Nc3 dxe5 14. fxe5 Nd4
15. Rad1 Nxc2 16. Qf4 Qf5 17. Qc4 Ne3 18. Nd5 Nxc4 19. Nxe7+ Kh8 20. Nxf5 Bxf5
21. dxc4 Rad8 22. b3 Bg4 23. Rde1 Bxf3 24. Bxf3 b6 25. Bd5 f5 26. e6 Rfe8 27.
Rf3 Re7 28. Kf1 Bd4 29. g4 fxg4 30. Rf7 Rde8 31. Re4 Rxf7+ 32. exf7 Rf8 33. Re8
Kg7 34. Re7 a6 35. Rb7 Be5 36. Kg2 b5 37. Ra7 b4 38. Rxa6 h5 39. Rc6 Bd4 40. Kg3
Be5+ 41. Kg2 Bd4 42. h3 gxh3+ 43. Kxh3 g5 44. Rc7 Kg6 45. Re7 g4+ 46. Kh4 Bf6+
47. Kg3 Bxe7 48. Kg2 Rxf7 49. Bxf7+ Kxf7 50. Kg3 Kg6 51. Kg2 Kf5 52. Kg3 h4+ 53.
Kg2 Kf4 54. Kf2 h3 55. Kg1 Kf3 56. Kh2 Bd6+ 57. Kg1 g3 58. Kf1 g2+ 59. Kg1 h2# {BassingCassand est échec et mat} 0-1

[Event "Tournament 14471 - Europe Echecs"]
[Site "Europe Echecs"]
[Date "2020.07.09"]
[Round "5"]
[Time "16:05:20"]
[PlyCount "131"]
[White "MicheliElora"]
[Black "DoucetPierreAl"]
[WhiteElo "1394"]
[BlackElo "1177"]
[Mode "WEB"]
[Result "0-1"]

1. e4 b6 2. d4 Bb7 3. Nc3 Nf6 4. Bd3 e6 5. f4 Bb4 6. Qe2 d5 7. e5 Ne4 8. Bxe4
dxe4 9. Bd2 Bxc3 10. Bxc3 O-O 11. O-O-O f6 12. Qg4 Bd5 13. Ne2 f5 14. Qg3 Nc6
15. Kb1 a5 16. h4 Nb4 17. a3 Na2 18. Bd2 a4 19. h5 c5 20. Be3 b5 21. dxc5 b4 22.
axb4 Nxb4 23. c4 a3 24. Nc3 Qa5 25. cxd5 a2+ 26. Nxa2 Qxa2+ 27. Kc1 Qa1+ 28. Kd2
Qxb2+ 29. Ke1 Qc3+ 30. Kf1 exd5 31. Rc1 Qd3+ 32. Kg1 Ra3 33. Kf2 Ra2+ 34. Kg1
Re2 35. Re1 Rxe1+ 36. Qxe1 Nc2 37. Qf2 Qxe3 38. Qxe3 Nxe3 39. Kf2 Nc4 40. Rc1
Rc8 41. g4 fxg4 42. Kg3 Rxc5 43. Ra1 g6 44. h6 Nb6 45. Kxg4 Kf7 46. Ra7+ Kg8 47.
Kg5 Nc8 48. Rd7 Nb6 49. Rb7 Nc8 50. Kf6 Rc6+ 51. e6 e3 52. Rd7 Rd6 53. Rg7+ Kf8
54. Rxh7 Ne7 55. Rf7+ Kg8 56. Kxe7 Rxe6+ 57. Kxe6 e2 58. Kf6 e1=Q 59. Rg7+ Kh8
60. Rxg6 Qc3+ 61. Kf7 Qc7+ 62. Kf6 Qxf4+ 63. Ke7 Qe4+ 64. Re6 Qxe6+ 65. Kxe6 d4 {MicheliElora a abandonné} 0-1

[Event "Tournament 14471 - Europe Echecs"]
[Site "Europe Echecs"]
[Date "2020.07.09"]
[Round "5"]
[Time "16:05:20"]
[PlyCount "106"]
[White "ToussaintFlore"]
[Black "BennounaGreene"]
[WhiteElo "1391"]
[BlackElo "1156"]
[Mode "WEB"]
[Result "1-0"]

1. d4 d5 2. Bf4 Nf6 3. e3 e6 4. Nf3 c5 5. c3 Qb6 6. Qb3 Qxb3 7. axb3 Nc6 8. Nbd2
cxd4 9. exd4 Be7 10. c4 b6 11. Be2 O-O 12. O-O Bb4 13. Rfd1 Bb7 14. h3 Rfd8 15.
Nf1 h6 16. Ne3 dxc4 17. bxc4 g5 18. Bh2 Rd7 19. Nc2 Bd6 20. Bxd6 Rxd6 21. b4 a5
22. c5 bxc5 23. bxc5 Rd7 24. Rdb1 Ba6 25. Bxa6 Rxa6 26. Ra4 Nd5 27. Ne3 Nc3 28.
Rba1 Nxa4 29. Rxa4 Ra8 30. Nc4 Nxd4 31. Nfe5 Rc7 32. Nb6 Rxc5 33. Nxa8 Rxe5 34.
Rxd4 Rd5 35. Ra4 Kf8 36. Nb6 Rd1+ 37. Kh2 Rd6 38. Nc8 Rc6 39. Na7 Ra6 40. Nb5
Rb6 41. Rxa5 Ke7 42. Ra7+ Kf6 43. Nd4 Rd6 44. Nf3 Rb6 45. Kg3 Rb4 46. Nd2 Rd4
47. Nf1 Rd1 48. Ne3 Rd4 49. Ng4+ Kg6 50. Ne5+ Kf6 51. Nxf7 Rd3+ 52. f3 Rd8 53.
Nxd8 {BennounaGreene a abandonné} 1-0